00704 a2200193 4500999001500000010001400015020002300029035001300052037001500065082001500080245008900095260004500184270006800229300002600297700002000323700001700343942003400360952011600394 c5858d5858 aENG-86982 a0195681576c650.00 aEN-70515 bDBAD / PUB14a306.4509541 aSocial history of science in colonial India /ced.by S.Irfan Habib [and] Dhruv Raina aNew DelhibOxford University Pressc2007 aY.M.C.A . Library building, Jai Singh Road,bNew Delhie110 001 axl, 395 pc21 cm (Hb)1 aHabib, S.Irfan 1 aRaina, Dhruv adplcEN2ddch306.450954mSOC 001040718NFICaDBADbDBADeDBAD/PUBg650.00l0o306.450954 SOCpEN-70515r2008-09-15 00:00:00t1v650.00yEN